[Event "2024 US National High School (K-12) Championship"]
[Site "Baltimore, Maryland, United States"]
[Date "2024.04.05"]
[Round "1.10"]
[White "Wang, Leo Q"]
[Black "Wang, Isaac"]
[Result "1-0"]
[TimeControl "G/90; d10"]
[BlackTitle "FM"]
[WhiteFideId "30994535"]
[BlackFideId "30977185"]
[WhiteElo "2034"]
[BlackElo "2353"]

1. e4 {[%clk 01:30:00]} {[%emt 00:00:02]} c5 {[%clk 01:30:00]} {[%emt
00:00:10]} 2. Nf3 {[%clk 01:30:00]} {[%emt 00:00:03]} e6 {[%clk 01:30:00]}
{[%emt 00:00:10]} 3. d4 {[%clk 01:30:00]} {[%emt 00:00:07]} cxd4 {[%clk
01:30:00]} {[%emt 00:00:06]} 4. Nxd4 {[%clk 01:30:00]} {[%emt 00:00:06]} a6
{[%clk 01:30:00]} {[%emt 00:00:07]} 5. Bd3 {[%clk 01:30:00]} {[%emt 00:00:06]}
Nf6 {[%clk 01:27:16]} {[%emt 00:02:54]} 6. O-O {[%clk 01:29:41]} {[%emt
00:00:29]} d6 {[%clk 01:27:10]} {[%emt 00:00:17]} 7. c4 {[%clk 01:27:29]}
{[%emt 00:02:22]} Be7 {[%clk 01:27:10]} {[%emt 00:00:09]} 8. Qe2 {[%clk
01:26:50]} {[%emt 00:00:49]} O-O {[%clk 01:26:17]} {[%emt 00:01:01]} 9. Nc3
{[%clk 01:26:03]} {[%emt 00:00:58]} Qc7 {[%clk 01:23:16]} {[%emt 00:03:11]} 10.
Rd1 {[%clk 01:24:39]} {[%emt 00:01:34]} b6 {[%clk 01:18:56]} {[%emt 00:04:31]}
11. b3 {[%clk 01:20:58]} {[%emt 00:03:50]} b5 {[%clk 01:12:47]} {[%emt
00:06:20]} 12. Bb2 {[%clk 01:20:06]} {[%emt 00:01:02]} b4 {[%clk 01:12:07]}
{[%emt 00:00:50]} 13. Nb1 {[%clk 01:19:56]} {[%emt 00:00:19]} Nbd7 {[%clk
01:11:09]} {[%emt 00:01:08]} 14. Nd2 {[%clk 01:15:47]} {[%emt 00:04:20]} Nc5
{[%clk 01:09:14]} {[%emt 00:02:05]} 15. Nf1 {[%clk 01:09:48]} {[%emt 00:06:08]}
g6 {[%clk 01:01:49]} {[%emt 00:07:35]} 16. f3 {[%clk 01:02:58]} {[%emt
00:07:00]} e5 {[%clk 00:57:22]} {[%emt 00:04:37]} 17. Nc2 {[%clk 01:01:35]}
{[%emt 00:01:33]} a5 {[%clk 00:53:10]} {[%emt 00:04:23]} 18. Nfe3 {[%clk
00:58:46]} {[%emt 00:03:00]} Be6 {[%clk 00:52:14]} {[%emt 00:01:05]} 19. g3
{[%clk 00:52:52]} {[%emt 00:06:04]} Rfb8 {[%clk 00:47:35]} {[%emt 00:04:49]} 20.
Ne1 {[%clk 00:49:04]} {[%emt 00:03:57]} a4 {[%clk 00:39:26]} {[%emt 00:08:20]}
21. Bc2 {[%clk 00:45:50]} {[%emt 00:03:24]} Qb6 {[%clk 00:31:47]} {[%emt
00:07:50]} 22. Kg2 {[%clk 00:42:41]} {[%emt 00:03:19]} Bd7 {[%clk 00:28:06]}
{[%emt 00:03:51]} 23. Nd5 {[%clk 00:37:13]} {[%emt 00:05:37]} Nxd5 {[%clk
00:27:34]} {[%emt 00:00:42]} 24. exd5 {[%clk 00:37:13]} {[%emt 00:00:10]} Re8
{[%clk 00:23:55]} {[%emt 00:03:49]} 25. Nd3 {[%clk 00:35:51]} {[%emt 00:01:34]}
Bf8 {[%clk 00:19:39]} {[%emt 00:04:25]} 26. Qf2 {[%clk 00:32:26]} {[%emt
00:03:36]} Bf5 {[%clk 00:13:01]} {[%emt 00:06:47]} 27. Nxc5 {[%clk 00:27:41]}
{[%emt 00:04:54]} Bxc2 {[%clk 00:13:01]} {[%emt 00:00:08]} 28. Qxc2 {[%clk
00:27:41]} {[%emt 00:00:05]} Qxc5 {[%clk 00:13:01]} {[%emt 00:00:07]} 29. Qf2
{[%clk 00:25:40]} {[%emt 00:02:11]} Qc7 {[%clk 00:11:10]} {[%emt 00:02:01]} 30.
Qe3 {[%clk 00:24:02]} {[%emt 00:01:48]} Bg7 {[%clk 00:07:38]} {[%emt 00:03:43]}
31. Rac1 {[%clk 00:18:50]} {[%emt 00:05:21]} axb3 {[%clk 00:06:22]} {[%emt
00:01:26]} 32. Qxb3 {[%clk 00:18:36]} {[%emt 00:00:24]} Qa5 {[%clk 00:06:03]}
{[%emt 00:00:30]} 33. Ra1 {[%clk 00:18:10]} {[%emt 00:00:35]} Rec8 {[%clk
00:04:52]} {[%emt 00:01:21]} 34. a3 {[%clk 00:17:31]} {[%emt 00:00:50]} Rab8
{[%clk 00:04:08]} {[%emt 00:00:54]} 35. a4 {[%clk 00:14:58]} {[%emt 00:02:42]}
Ra8 {[%clk 00:03:28]} {[%emt 00:00:50]} 36. f4 {[%clk 00:11:57]} {[%emt
00:03:11]} exf4 {[%clk 00:03:06]} {[%emt 00:00:33]} 37. Bxg7 {[%clk 00:11:27]}
{[%emt 00:00:40]} Kxg7 {[%clk 00:03:06]} {[%emt 00:00:06]} 38. gxf4 {[%clk
00:11:23]} {[%emt 00:00:14]} Qc5 {[%clk 00:02:38]} {[%emt 00:00:38]} 39. Rac1
{[%clk 00:11:10]} {[%emt 00:00:23]} Re8 {[%clk 00:01:55]} {[%emt 00:00:52]} 40.
Re1 {[%clk 00:11:10]} {[%emt 00:00:05]} Qd4 {[%clk 00:01:28]} {[%emt 00:00:38]}
41. Qxb4 {[%clk 00:10:23]} {[%emt 00:00:57]} Rab8 {[%clk 00:00:56]} {[%emt
00:00:41]} 42. Qa3 {[%clk 00:08:54]} {[%emt 00:01:39]} Rb2+ {[%clk 00:00:47]}
{[%emt 00:00:20]} 43. Kh1 {[%clk 00:07:54]} {[%emt 00:01:09]} Rxe1+ {[%clk
00:00:14]} {[%emt 00:00:43]} 44. Rxe1 {[%clk 00:07:54]} {[%emt 00:00:09]} Qd2
{[%clk 00:00:04]} {[%emt 00:00:20]} 45. Qg3 {[%clk 00:07:51]} {[%emt 00:00:13]}
Qc2 {[%clk 00:00:04]} {[%emt 00:00:06]} 46. f5 {[%clk 00:06:13]} {[%emt
00:01:47]} Qxf5 {[%clk 00:00:04]} {[%emt 00:00:07]} 47. Qc3+ {[%clk 00:06:13]}
{[%emt 00:00:10]} Qf6 {[%clk 00:00:04]} {[%emt 00:00:02]} 48. Qxf6+ {[%clk
00:05:55]} {[%emt 00:00:27]} Kxf6 {[%clk 00:00:04]} {[%emt 00:00:01]} 49. Rf1+
{[%clk 00:05:28]} {[%emt 00:00:37]} Ke7 {[%emt 00:01:46]} 50. Ra1 {[%clk
00:03:53]} Rb4 {[%clk 00:00:04]} {[%emt 00:00:05]} 51. a5 {[%clk 00:03:51]}
{[%emt 00:00:13]} Rxc4 {[%clk 00:00:00]} {[%emt 00:00:13]} 1-0

[Event "2024 US National High School (K-12) Championship"]
[Site "Baltimore, Maryland, United States"]
[Date "2024.04.05"]
[Round "1.11"]
[White "Luo, Terry"]
[Black "Pisan, Kai"]
[Result "1-0"]
[TimeControl "G/90; d10"]
[WhiteTitle "FM"]
[WhiteFideId "30931045"]
[BlackFideId "39904881"]
[WhiteElo "2417"]
[BlackElo "1726"]

1. d4 {[%clk 01:30:00]} {[%emt 01:12:21]} d5 {[%clk 01:30:00]} {[%emt
00:00:09]} 2. c4 {[%clk 01:30:00]} {[%emt 00:00:03]} c6 {[%clk 01:30:00]}
{[%emt 00:00:07]} 3. Nf3 {[%clk 01:30:00]} {[%emt 00:00:02]} Nf6 {[%clk
01:30:00]} {[%emt 00:00:07]} 4. e3 {[%clk 01:30:00]} {[%emt 00:00:02]} e6
{[%clk 01:29:57]} {[%emt 00:00:13]} 5. Qc2 {[%clk 01:30:00]} {[%emt 00:00:07]}
Nbd7 {[%clk 01:29:16]} {[%emt 00:00:50]} 6. b3 {[%clk 01:30:00]} {[%emt
00:00:02]} Bd6 {[%clk 01:28:06]} {[%emt 00:01:18]} 7. Bb2 {[%clk 01:30:00]}
{[%emt 00:00:02]} O-O {[%clk 01:27:00]} {[%emt 00:01:16]} 8. Bd3 {[%clk
01:30:00]} {[%emt 00:00:01]} Re8 {[%clk 01:23:40]} {[%emt 00:03:29]} 9. Ne5
{[%clk 01:28:30]} {[%emt 00:01:41]} Qc7 {[%clk 01:21:53]} {[%emt 00:01:57]} 10.
f4 {[%clk 01:26:19]} {[%emt 00:02:22]} dxc4 {[%clk 01:19:28]} {[%emt 00:02:34]}
11. bxc4 {[%clk 01:22:34]} {[%emt 00:03:56]} c5 {[%clk 01:08:24]} {[%emt
00:11:13]} 12. O-O {[%clk 01:22:34]} {[%emt 00:00:09]} Nf8 {[%clk 01:06:40]}
{[%emt 00:01:55]} 13. Nd2 {[%clk 01:10:54]} {[%emt 00:11:49]} b6 {[%clk
01:03:47]} {[%emt 00:03:04]} 14. Ndf3 {[%clk 01:07:14]} {[%emt 00:03:50]} Bb7
{[%clk 01:03:10]} {[%emt 00:00:47]} 15. Ng5 {[%clk 00:58:47]} {[%emt 00:08:38]}
Re7 {[%clk 01:01:47]} {[%emt 00:01:33]} 16. e4 {[%clk 00:57:11]} {[%emt
00:01:46]} cxd4 {[%clk 01:00:37]} {[%emt 00:01:19]} 17. Ngxf7 {[%clk 00:57:11]}
{[%emt 00:00:04]} Rxf7 {[%clk 00:59:44]} {[%emt 00:01:02]} 18. Nxf7 {[%clk
00:57:11]} {[%emt 00:00:02]} Bxf4 {[%clk 00:52:53]} {[%emt 00:07:00]} 19. e5
{[%clk 00:56:15]} {[%emt 00:01:08]} Be3+ {[%clk 00:49:14]} {[%emt 00:03:48]} 20.
Kh1 {[%clk 00:56:10]} {[%emt 00:00:15]} Ng4 {[%clk 00:48:40]} {[%emt 00:00:42]}
21. Ba3 {[%clk 00:52:25]} {[%emt 00:03:57]} Nf6 {[%clk 00:31:37]} {[%emt
00:17:13]} 22. exf6 {[%clk 00:50:12]} {[%emt 00:02:22]} Qxf7 {[%clk 00:31:16]}
{[%emt 00:00:32]} 23. Bxf8 {[%clk 00:49:58]} {[%emt 00:00:24]} Rxf8 {[%clk
00:30:35]} {[%emt 00:00:51]} 24. Bxh7+ {[%clk 00:49:58]} {[%emt 00:00:10]} Kh8
{[%clk 00:30:31]} {[%emt 00:00:13]} 25. Bg6 {[%clk 00:48:35]} {[%emt 00:01:33]}
Qd7 {[%clk 00:30:14]} {[%emt 00:00:27]} 26. fxg7+ {[%clk 00:45:55]} {[%emt
00:02:50]} Qxg7 {[%clk 00:30:04]} {[%emt 00:00:20]} 27. Be4 {[%clk 00:45:55]}
{[%emt 00:00:05]} Rg8 {[%clk 00:25:07]} {[%emt 00:05:07]} 28. Bxb7 {[%clk
00:45:47]} {[%emt 00:00:18]} Qxb7 {[%clk 00:25:03]} {[%emt 00:00:13]} 29. Rf3
{[%clk 00:45:47]} {[%emt 00:00:03]} Rg5 {[%clk 00:20:28]} {[%emt 00:04:44]} 30.
Raf1 {[%clk 00:45:04]} {[%emt 00:00:54]} Kg7 {[%clk 00:18:24]} {[%emt
00:02:14]} 31. Qa4 {[%clk 00:43:14]} {[%emt 00:02:01]} Qe7 {[%clk 00:17:06]}
{[%emt 00:01:27]} 32. Qc6 {[%clk 00:42:59]} {[%emt 00:00:25]} e5 {[%clk
00:16:35]} {[%emt 00:00:41]} 33. Qd5 {[%clk 00:42:37]} {[%emt 00:00:32]} Qc5
{[%clk 00:15:46]} {[%emt 00:00:58]} 34. Qf7+ {[%clk 00:42:32]} {[%emt
00:00:16]} 1-0

[Event "2024 US National High School (K-12) Championship"]
[Site "Baltimore, Maryland, United States"]
[Date "2024.04.05"]
[Round "1.12"]
[White "Shvarts, Tim"]
[Black "Pan, Kevin"]
[Result "0-1"]
[TimeControl "G/90; d10"]
[BlackTitle "FM"]
[WhiteFideId "39927830"]
[BlackFideId "30915708"]
[WhiteElo "2031"]
[BlackElo "2295"]

1. e4 {[%clk 01:30:00]} {[%emt 00:00:02]} e5 {[%clk 01:30:00]} {[%emt
00:00:04]} 2. Nf3 {[%clk 01:30:00]} {[%emt 00:00:05]} Nc6 {[%clk 01:30:00]}
{[%emt 00:00:03]} 3. Bb5 {[%clk 01:30:00]} {[%emt 00:00:03]} a6 {[%clk
01:30:00]} {[%emt 00:00:07]} 4. Ba4 {[%clk 01:30:00]} {[%emt 00:00:03]} Nf6
{[%clk 01:30:00]} {[%emt 00:00:04]} 5. d3 {[%clk 01:29:56]} {[%emt 00:00:15]}
b5 {[%clk 01:30:00]} {[%emt 00:00:07]} 6. Bb3 {[%clk 01:29:56]} {[%emt
00:00:05]} Bc5 {[%clk 01:30:00]} {[%emt 00:00:03]} 7. a4 {[%clk 01:29:55]}
{[%emt 00:00:11]} Bb7 {[%clk 01:29:58]} {[%emt 00:00:13]} 8. axb5 {[%clk
01:29:47]} {[%emt 00:00:17]} axb5 {[%clk 01:29:58]} {[%emt 00:00:05]} 9. Rxa8
{[%clk 01:29:47]} {[%emt 00:00:04]} Qxa8 {[%clk 01:25:33]} {[%emt 00:04:36]} 10.
Bg5 {[%clk 01:27:57]} {[%emt 00:01:59]} Ng4 {[%clk 01:17:49]} {[%emt 00:07:54]}
11. Bh4 {[%clk 01:25:42]} {[%emt 00:02:25]} Nh6 {[%clk 01:04:06]} {[%emt
00:13:54]} 12. O-O {[%clk 01:23:03]} {[%emt 00:02:48]} f6 {[%clk 00:59:19]}
{[%emt 00:04:57]} 13. c3 {[%clk 01:20:56]} {[%emt 00:02:17]} Be7 {[%clk
00:42:05]} {[%emt 00:17:24]} 14. d4 {[%clk 00:56:27]} {[%emt 00:24:40]} exd4
{[%clk 00:39:43]} {[%emt 00:02:32]} 15. Nxd4 {[%clk 00:56:21]} {[%emt
00:00:15]} Nxd4 {[%clk 00:38:57]} {[%emt 00:00:56]} 16. Qxd4 {[%clk 00:55:55]}
{[%emt 00:00:36]} c5 {[%clk 00:35:52]} {[%emt 00:03:15]} 17. Qe3 {[%clk
00:53:57]} {[%emt 00:02:07]} c4 {[%clk 00:33:37]} {[%emt 00:02:26]} 18. Bc2
{[%clk 00:53:49]} {[%emt 00:00:18]} O-O {[%clk 00:31:55]} {[%emt 00:01:51]} 19.
Rd1 {[%clk 00:52:34]} {[%emt 00:01:25]} Qc8 {[%clk 00:28:54]} {[%emt 00:03:11]}
20. Qh3 {[%clk 00:48:43]} {[%emt 00:04:02]} Bc6 {[%clk 00:25:26]} {[%emt
00:03:38]} 21. f4 {[%clk 00:41:06]} {[%emt 00:07:47]} Bc5+ {[%clk 00:21:46]}
{[%emt 00:03:50]} 22. Bf2 {[%clk 00:39:29]} {[%emt 00:01:47]} Bxf2+ {[%clk
00:21:12]} {[%emt 00:00:44]} 23. Kxf2 {[%clk 00:39:29]} {[%emt 00:00:06]} Qc7
{[%clk 00:19:26]} {[%emt 00:01:56]} 24. Qg3 {[%clk 00:39:23]} {[%emt 00:00:16]}
Qa7+ {[%clk 00:18:07]} {[%emt 00:01:29]} 25. Rd4 {[%clk 00:38:03]} {[%emt
00:01:31]} Qa2 {[%clk 00:16:10]} {[%emt 00:02:07]} 26. Rd2 {[%clk 00:36:58]}
{[%emt 00:01:14]} Qxb2 {[%clk 00:15:26]} {[%emt 00:00:54]} 27. e5 {[%clk
00:36:58]} {[%emt 00:00:01]} Qc1 {[%clk 00:14:22]} {[%emt 00:01:14]} 28. e6
{[%clk 00:33:47]} {[%emt 00:03:22]} dxe6 {[%clk 00:13:14]} {[%emt 00:01:18]} 29.
h3 {[%clk 00:32:35]} {[%emt 00:01:22]} e5 {[%clk 00:10:43]} {[%emt 00:02:41]}
30. Qe3 {[%clk 00:30:45]} {[%emt 00:02:00]} Re8 {[%clk 00:09:46]} {[%emt
00:01:07]} 31. f5 {[%clk 00:30:23]} {[%emt 00:00:32]} e4 {[%clk 00:08:47]}
{[%emt 00:01:09]} 32. g4 {[%clk 00:29:16]} {[%emt 00:01:17]} Qh1 {[%clk
00:07:39]} {[%emt 00:01:17]} 33. Kg3 {[%clk 00:29:10]} {[%emt 00:00:15]} Nf7
{[%clk 00:07:00]} {[%emt 00:00:50]} 34. Rf2 {[%clk 00:27:27]} {[%emt 00:01:53]}
Qg1+ {[%clk 00:05:42]} {[%emt 00:01:28]} 35. Kh4 {[%clk 00:27:15]} {[%emt
00:00:21]} Ne5 {[%clk 00:05:32]} {[%emt 00:00:21]} 36. Nd2 {[%clk 00:26:11]}
{[%emt 00:01:14]} Nd3 {[%clk 00:04:16]} {[%emt 00:01:26]} 37. Bxd3 {[%clk
00:25:24]} {[%emt 00:00:58]} exd3 {[%clk 00:04:16]} {[%emt 00:00:03]} 38. Qb6
{[%clk 00:24:59]} {[%emt 00:00:35]} Qe1 {[%clk 00:03:55]} {[%emt 00:00:32]} 39.
Nf1 {[%clk 00:22:27]} {[%emt 00:02:42]} Re2 {[%clk 00:02:49]} {[%emt 00:01:16]}
40. Qxc6 {[%clk 00:21:16]} {[%emt 00:01:21]} Qxf2+ {[%clk 00:02:45]} {[%emt
00:00:14]} 41. Ng3 {[%clk 00:21:16]} {[%emt 00:00:05]} Qe3 {[%clk 00:01:56]}
{[%emt 00:00:59]} 42. Qd5+ {[%clk 00:20:59]} {[%emt 00:00:27]} Kf8 {[%clk
00:01:41]} {[%emt 00:00:24]} 43. Nh5 {[%clk 00:19:20]} {[%emt 00:01:49]} g5+
{[%clk 00:01:01]} {[%emt 00:00:51]} 44. fxg6 {[%clk 00:19:20]} {[%emt
00:00:08]} Qg5+ {[%clk 00:01:01]} {[%emt 00:00:05]} 0-1

[Event "2024 US National High School (K-12) Championship"]
[Site "Baltimore, Maryland, United States"]
[Date "2024.04.05"]
[Round "1.13"]
[White "Clasby, Derek"]
[Black "Danilyan, Eduard"]
[Result "1-0"]
[TimeControl "G/90; d10"]
[WhiteFideId "30932300"]
[BlackFideId "30934354"]
[WhiteElo "2393"]
[BlackElo "2030"]

1. e4 {[%clk 01:29:55]} {[%emt 00:00:15]} c5 {[%clk 01:30:00]} {[%emt
00:00:08]} 2. Nf3 {[%clk 01:29:53]} {[%emt 00:00:12]} Nc6 {[%clk 01:30:00]}
{[%emt 00:00:09]} 3. Bb5 {[%clk 01:29:44]} {[%emt 00:00:18]} e6 {[%clk
01:30:00]} {[%emt 00:00:09]} 4. O-O {[%clk 01:28:33]} {[%emt 00:01:21]} Nge7
{[%clk 01:30:00]} {[%emt 00:00:08]} 5. c4 {[%clk 01:24:58]} {[%emt 00:03:44]}
Ng6 {[%clk 01:15:01]} {[%emt 00:15:10]} 6. d4 {[%clk 01:22:07]} {[%emt
00:03:01]} cxd4 {[%clk 01:14:28]} {[%emt 00:00:44]} 7. Nxd4 {[%clk 01:21:40]}
{[%emt 00:00:36]} a6 {[%clk 01:10:47]} {[%emt 00:03:51]} 8. Ba4 {[%clk
01:19:59]} {[%emt 00:01:50]} Be7 {[%clk 01:08:27]} {[%emt 00:02:31]} 9. Kh1
{[%clk 01:14:42]} {[%emt 00:05:26]} O-O {[%clk 00:59:14]} {[%emt 00:09:24]} 10.
f4 {[%clk 01:10:51]} {[%emt 00:04:01]} Nxd4 {[%clk 00:55:11]} {[%emt 00:04:14]}
11. Qxd4 {[%clk 01:10:50]} {[%emt 00:00:09]} f6 {[%clk 00:54:51]} {[%emt
00:00:31]} 12. Be3 {[%clk 01:08:16]} {[%emt 00:02:44]} Qc7 {[%clk 00:50:08]}
{[%emt 00:04:54]} 13. Nc3 {[%clk 01:05:27]} {[%emt 00:02:59]} Rb8 {[%clk
00:44:57]} {[%emt 00:05:22]} 14. Qa7 {[%clk 00:57:04]} {[%emt 00:08:31]} Bd8
{[%clk 00:40:44]} {[%emt 00:04:21]} 15. c5 {[%clk 00:51:56]} {[%emt 00:05:19]}
Ne7 {[%clk 00:37:39]} {[%emt 00:03:16]} 16. Rfd1 {[%clk 00:48:47]} {[%emt
00:03:18]} Nc6 {[%clk 00:36:56]} {[%emt 00:00:54]} 17. Qb6 {[%clk 00:48:29]}
{[%emt 00:00:28]} Ra8 {[%clk 00:28:16]} {[%emt 00:08:49]} 18. a3 {[%clk
00:43:54]} {[%emt 00:04:45]} Qb8 {[%clk 00:14:21]} {[%emt 00:14:06]} 19. Qb3
{[%clk 00:43:26]} {[%emt 00:00:37]} Bc7 {[%clk 00:14:20]} {[%emt 00:00:11]} 20.
g3 {[%clk 00:42:30]} {[%emt 00:01:06]} Na5 {[%clk 00:10:44]} {[%emt 00:03:47]}
21. Qb4 {[%clk 00:38:50]} {[%emt 00:03:49]} Nc6 {[%clk 00:10:44]} {[%emt
00:00:10]} 22. Qc4 {[%clk 00:33:11]} {[%emt 00:05:49]} Na5 {[%clk 00:10:09]}
{[%emt 00:00:45]} 23. Qd4 {[%clk 00:32:01]} {[%emt 00:01:20]} Nc6 {[%clk
00:10:09]} {[%emt 00:00:08]} 24. Qd2 {[%clk 00:31:04]} {[%emt 00:01:06]} b5
{[%clk 00:10:08]} {[%emt 00:00:11]} 25. cxb6 {[%clk 00:29:46]} {[%emt
00:01:29]} Bxb6 {[%clk 00:10:08]} {[%emt 00:00:02]} 26. Bxc6 {[%clk 00:29:34]}
{[%emt 00:00:22]} dxc6 {[%clk 00:10:08]} {[%emt 00:00:05]} 27. Na4 {[%clk
00:27:04]} {[%emt 00:02:40]} Bxe3 {[%clk 00:10:08]} {[%emt 00:00:10]} 28. Qxe3
{[%clk 00:27:04]} {[%emt 00:00:06]} Qb5 {[%clk 00:09:27]} {[%emt 00:00:51]} 29.
b3 {[%clk 00:24:42]} {[%emt 00:02:32]} a5 {[%clk 00:06:27]} {[%emt 00:03:10]}
30. Nc5 {[%clk 00:22:24]} {[%emt 00:02:28]} Qb6 {[%clk 00:04:30]} {[%emt
00:02:08]} 31. Qc3 {[%clk 00:21:53]} {[%emt 00:00:40]} Rd8 {[%clk 00:03:51]}
{[%emt 00:00:50]} 32. Qc4 {[%clk 00:21:01]} {[%emt 00:01:02]} Rxd1+ {[%clk
00:03:08]} {[%emt 00:00:53]} 33. Rxd1 {[%clk 00:21:01]} {[%emt 00:00:05]} Qb5
{[%clk 00:02:30]} {[%emt 00:00:49]} 34. Qxb5 {[%clk 00:16:50]} {[%emt
00:04:21]} cxb5 {[%clk 00:02:30]} {[%emt 00:00:01]} 35. Rd6 {[%clk 00:16:20]}
{[%emt 00:00:39]} b4 {[%clk 00:01:49]} {[%emt 00:00:53]} 36. a4 {[%clk
00:14:56]} {[%emt 00:01:33]} Kf7 {[%clk 00:01:49]} {[%emt 00:00:03]} 37. Rc6
{[%emt 00:02:26]} h5 {[%clk 00:01:10]} 38. Rc7+ {[%clk 00:13:12]} {[%emt
00:00:26]} Kf8 {[%clk 00:01:00]} {[%emt 00:00:20]} 39. e5 {[%clk 00:12:52]}
{[%emt 00:00:30]} fxe5 {[%clk 00:01:00]} {[%emt 00:00:06]} 40. fxe5 {[%clk
00:12:52]} {[%emt 00:00:03]} Kg8 {[%clk 00:00:43]} {[%emt 00:00:28]} 41. Kg2
{[%clk 00:12:31]} {[%emt 00:00:30]} Kh7 {[%clk 00:00:43]} {[%emt 00:00:09]} 42.
Kf3 {[%clk 00:12:21]} {[%emt 00:00:20]} Kg6 {[%clk 00:00:43]} {[%emt 00:00:01]}
43. Ke4 {[%clk 00:12:12]} {[%emt 00:00:18]} Kh6 {[%clk 00:00:36]} {[%emt
00:00:17]} 44. h3 {[%clk 00:10:38]} {[%emt 00:01:44]} g6 {[%clk 00:00:36]}
{[%emt 00:00:01]} 45. Kd4 {[%clk 00:10:06]} {[%emt 00:00:42]} Kg5 {[%clk
00:00:33]} {[%emt 00:00:14]} 46. Ne4+ {[%clk 00:09:32]} {[%emt 00:00:44]} Kh6
{[%clk 00:00:33]} {[%emt 00:00:02]} 47. h4 {[%clk 00:09:25]} {[%emt 00:00:17]}
Ba6 {[%clk 00:00:26]} {[%emt 00:00:17]} 48. Ng5 {[%clk 00:09:24]} {[%emt
00:00:10]} Rd8+ {[%clk 00:00:26]} {[%emt 00:00:05]} 49. Kc5 {[%clk 00:09:10]}
{[%emt 00:00:24]} Rc8 {[%clk 00:00:26]} {[%emt 00:00:04]} 50. Rxc8 {[%clk
00:08:44]} {[%emt 00:00:36]} Bxc8 {[%clk 00:00:26]} {[%emt 00:00:02]} 51. Kb6
{[%clk 00:08:42]} {[%emt 00:00:11]} 1-0